Pays avec l'indice de criminalité les plus hauts. - Statistiques

Statistiques générales
  • Ce quiz a été pris 741 fois
  • Le résultat moyen est 5 sur 15
Statistiques - réponses
Indice de criminalité Pays % Correct
66,79 Brésil
81%
83,16 Venezuela
56%
74,66 Honduras
43%
78,19 Afghanistan
42%
67,59 Le Salvador
39%
67,47 Syrie
39%
75,37 Afrique du Sud
38%
67,24 Pérou
34%
66,41 Somalie
29%
68,29 Jamaïque
23%
68,93 Guyane
21%
66,66 Angola
11%
65,26 Cameroun
10%
80,26 Papouasie Nouvelle Guinée
6%
70,57 Trinité-et-Tobago
6%
Aucun quiz correspondant
Distribution des résultats
% des personnes avec chaque résultat
Percentile par nombre de réponses
Votre historique - résultats
Vous n’avez pas pris ce quiz